<?xml version="1.0" encoding="UTF-8"?>
<marc:record xmlns:marc="http://www.loc.gov/MARC21/slim">
   <marc:leader>00000nam a2200000 a 4500</marc:leader>
   <marc:datafield ind1="1" ind2=" " tag="100">
      <marc:subfield code="a">Flessner, Bernd</marc:subfield>
      <marc:subfield code="4">aut</marc:subfield>
      <marc:subfield code="e">Verfasser/-in</marc:subfield>
   </marc:datafield>
   <marc:datafield ind1="1" ind2=" " tag="100">
      <marc:subfield code="a">Fleßner, Hannah</marc:subfield>
      <marc:subfield code="4">aut</marc:subfield>
      <marc:subfield code="e">Verfasser/-in</marc:subfield>
   </marc:datafield>
   <marc:datafield ind1="0" ind2="0" tag="245">
      <marc:subfield code="a">Der Blaukrautmörder</marc:subfield>
   </marc:datafield>
   <marc:datafield ind1="0" ind2="0" tag="245">
      <marc:subfield code="b">ein fränkischer Gartenkrimi</marc:subfield>
   </marc:datafield>
   <marc:datafield ind1="0" ind2="0" tag="245">
      <marc:subfield code="c">Bernd Flessner, Hannah Fleßner</marc:subfield>
   </marc:datafield>
   <marc:datafield ind1=" " ind2="1" tag="264">
      <marc:subfield code="a">Cadolzburg</marc:subfield>
      <marc:subfield code="b">ars vivendi</marc:subfield>
      <marc:subfield code="c">2020</marc:subfield>
   </marc:datafield>
   <marc:datafield ind1="1" ind2=" " tag="520">
      <marc:subfield code="a">Angaben aus der Verlagsmeldung

Der Blaukrautmörder : Ein fränkischer Gartenkrimi / von Bernd Flessner, Hannah Flessner

Biberbach im Aischgrund: Schrebergärtner Hans
Bertram liegt ermordet im Blaukrautbeet
seines Nachbarn Winfried Kehrer, mit dem er sich seit Langem im Streit befand. Die Polizei hält Kehrer für tatverdächtig, worauf dieser seinen Bekannten Walter Dollinger um Hilfe bittet – immerhin hat der Amateurdetektiv bereits mehrfach seinen Spürsinn unter Beweis gestellt. Dollinger erfährt viel über die kleinen und großen Konflikte der Laubenkolonie und stößt dank seines Gärtnerwissens auf Spuren, die der ermittelnde Kommissar übersehen hat: Welsches Weidelgras in der Parzelle des Opfers!
Dollinger steht kurz vor der Lösung des Mordfalls, doch dann wird seine Frau entführt ...
</marc:subfield>
   </marc:datafield>
   <marc:datafield ind1=" " ind2=" " tag="020">
      <marc:subfield code="a">9783747201145</marc:subfield>
      <marc:subfield code="9">9783747201145</marc:subfield>
   </marc:datafield>
   <marc:datafield ind1=" " ind2=" " tag="020">
      <marc:subfield code="a">3747201148</marc:subfield>
      <marc:subfield code="9">3747201148</marc:subfield>
   </marc:datafield>
   <marc:datafield ind1=" " ind2=" " tag="041">
      <marc:subfield code="a">ger</marc:subfield>
   </marc:datafield>
   <marc:datafield ind1=" " ind2=" " tag="300">
      <marc:subfield code="a">232 Seiten</marc:subfield>
   </marc:datafield>
</marc:record>
